| 000 | 00398nam a2200145Ia 4500 | ||
|---|---|---|---|
| 008 | 231129s1985||||xx |||||||||||||| ||spa|| | ||
| 020 | _a84-8280-097-3 | ||
| 040 | _bspa | ||
| 082 | _a322.42 A681c | ||
| 100 | _aArenas Jacobo | ||
| 245 | 0 | _aCese el fuego: Una historia política de las Farc | |
| 260 | _c1985 | ||
| 264 | _aLa Oveja Negra | ||
| 942 |
_2ddc _cBKS |
||
| 999 |
_c6870 _d6870 |
||